Normal view MARC view
  • Delhi (India)

Entry Geographic Name

Number of records used in: 2

001 - CONTROL NUMBER

  • control field: 11640

003 - CONTROL NUMBER IDENTIFIER

  • control field: NUST

005 - DATE AND TIME OF LATEST TRANSACTION

  • control field: 20180716041636.0

008 - FIXED-LENGTH DATA ELEMENTS

  • fixed length control field: 180716|| aca||aabn | a|a d

040 ## - CATALOGING SOURCE

  • Original cataloging agency: NUST
  • Transcribing agency: NUST

151 ## - HEADING--GEOGRAPHIC NAME

  • Geographic name: Delhi (India)
  • General subdivision: Fiction.

670 ## - SOURCE DATA FOUND

  • Source citation: Work cat.: (NUST)173026: Ali, Ahmed, 1910-1994. 11638, Twilight in Delhi :, 1994.
© 2023 Central Library, National University of Sciences and Technology. All Rights Reserved.